|
|
|
|
| LEADER |
00000nam0a2200000 4500 |
| 001 |
28962 |
| 005 |
20231030203044.0 |
| 010 |
|
|
|a 5283015971
|
| 035 |
|
|
|a (RuTPU)RU\TPU\book\29220
|
| 035 |
|
|
|a BOOK00029295
|
| 090 |
|
|
|a 28962
|
| 100 |
|
|
|a 20011209d1992 k y0rusy50 ca
|
| 101 |
0 |
|
|a rus
|
| 102 |
|
|
|a RU
|
| 105 |
|
|
|a y z 001zy
|
| 200 |
1 |
|
|a Базовые матричные кристаллы и матричные БИС
|f В. Г. Домрачев, П. П. Мальцев, И. В. Новаченко, С. Н. Пономарев
|
| 210 |
|
|
|a Москва
|c Энергоатомиздат
|d 1992
|
| 215 |
|
|
|a 224 с.
|
| 225 |
1 |
|
|a Электроника: перспективная элементная база и применение
|
| 320 |
|
|
|a Библиогр.: с. 223-225.
|
| 610 |
1 |
|
|a электроника
|
| 610 |
1 |
|
|a БИС
|
| 610 |
1 |
|
|a матричные БИС
|
| 610 |
1 |
|
|a матричные кристаллы
|
| 610 |
1 |
|
|a функциональные узлы
|
| 610 |
1 |
|
|a интегральные схемы
|
| 675 |
|
|
|a 621.382
|v 3
|
| 701 |
|
1 |
|a Домрачев
|b В. Г.
|g Вилен Григорьевич
|
| 701 |
|
1 |
|a Мальцев
|b П. П.
|g Петр Павлович
|
| 701 |
|
1 |
|a Новаченко
|b И. В.
|g Игорь Викторович
|
| 701 |
|
1 |
|a Пономарев
|b С. Н.
|g Сергей Николаевич
|
| 801 |
|
0 |
|a RU
|b 63413507
|c 20011209
|g PSBO
|
| 801 |
|
2 |
|a RU
|b 63413507
|c 20150814
|g PSBO
|
| 942 |
|
|
|c BK
|